书目信息 |
| 题名: |
模糊理论及其应用
|
|
| 作者: | 刘普寅 , 吴孟达 编著 | |
| 分册: | ||
| 出版信息: | 长沙 国防科技大学出版社 1998.11 |
|
| 页数: | 413页 | |
| 开本: | 32开 | |
| 丛书名: | ||
| 单 册: | ||
| 中图分类: | O159 | |
| 科图分类: | ||
| 主题词: | 代数 , 数论 , 组合数学 | |
| 电子资源: | ||
| ISBN: | 7-81024-498-1 | |
| 000 | 00641nam0 2200229 45 | |
| 001 | 0012291518 | |
| 005 | 20001229155513.2 | |
| 010 | @a7-81024-498-1@d18.00元 | |
| 100 | @a20001229d1998 km y0chiy0120 ea | |
| 101 | 0 | @achi |
| 105 | @a z 000yy | |
| 200 | 1 | @a模糊理论及其应用@AMo Hu Li Lun Ji Qi Ying Yong@f刘普寅,吴孟达编著@FLiu Pu Yin,Wu Meng Da Bian Zhu |
| 210 | @a长沙@c国防科技大学出版社@d1998.11 | |
| 215 | @a413页@d32开 | |
| 606 | 0 | @a代数 |
| 606 | 0 | @a数论 |
| 606 | 0 | @a组合数学 |
| 690 | @aO159@v3 | |
| 701 | 0 | @a刘普寅@4编著 |
| 701 | 0 | @a吴孟达@4编著 |
| 801 | @aCN@bPftUser@c20001229 | |
| 905 | @b317900-904@dO159@eL921@f5 | |
| 模糊理论及其应用/刘普寅,吴孟达编著.-长沙:国防科技大学出版社,1998.11 |
| 413页;32开 |
| ISBN 7-81024-498-1:18.00元 |
| ● |
| 相关链接 |
|
|
|
正题名:模糊理论及其应用
索取号:O159/L921
 
预约/预借
| 序号 | 登录号 | 条形码 | 馆藏地/架位号 | 状态 | 备注 |
| 1 | 317900 | 203179005 | 自科二线504/504自科库 47排6列5层/ [索取号:O159/L921] | 在馆 | |
| 2 | 317901 | 203179014 | 自科二线504/401自科库 76排2列4层/ [索取号:O159/L921] | 在馆 | |
| 3 | 317902 | 203179023 | 自科二线504/504自科库 47排6列5层/ [索取号:O159/L921] | 在馆 | |
| 4 | 317903 | 203179032 | 自科二线504/504自科库 24排2列2层/ [索取号:O159/L921] | 在馆 | |
| 5 | 317904 | 203179041 | 自科二线504/504自科库 47排6列5层/ [索取号:O159/L921] | 在馆 |